Toán rời rạc

שמור ב:
מידע ביבליוגרפי
מחבר ראשי: Phạm, Thế Long
מחברים אחרים: Nguyễn, Thiện Luận
פורמט: ספר
שפה:Undetermined
יצא לאור: H. ĐHSP 2006
נושאים:
גישה מקוונת:http://lrc.tdmu.edu.vn/opac/search/detail.asp?aID=2&ID=5749
תגים: הוספת תג
אין תגיות, היה/י הראשונ/ה לתייג את הרשומה!
Thư viện lưu trữ: Trung tâm Học liệu Trường Đại học Thủ Dầu Một
LEADER 00604nam a2200205Ia 4500
001 TDMU_5749
008 210410s9999 xx 000 0 und d
082 |a 004.01 
090 |b PH104 
100 |a Phạm, Thế Long 
245 0 |a Toán rời rạc 
245 0 |c Phạm Thế Long 
260 |a H. 
260 |b ĐHSP 
260 |c 2006 
300 |a 276tr. 
650 |a Toán rời rạc; Toán tin 
700 |a Nguyễn, Thiện Luận 
856 |u http://lrc.tdmu.edu.vn/opac/search/detail.asp?aID=2&ID=5749 
980 |a Trung tâm Học liệu Trường Đại học Thủ Dầu Một